Water polo. [Tr. from the Hungarian by Gyula Gulyas].

Bibliographic Details
Main Author: Rajki, Béla
Format: Book
Language:English
Published: New York : Pitman, [1959]
Subjects:

MARC

Tag First Indicator Second Indicator Subfields
LEADER 00000cam a2200000 4500
001 in00000085222
005 20151008055810.0
008 750526s1959 b 0000 eng u
035 |a (OCoLC)01355257 
035 |9 AAJ4419AM 
040 |c ORL  |d TXA  |d UtOrBLW 
049 |a TXAM  |c [310786] 
090 |a GV839  |b .R313 
092 |a 797.25  |b R 
100 1 |a Rajki, Béla. 
245 1 0 |a Water polo. [Tr. from the Hungarian by Gyula Gulyas]. 
264 1 |a New York :  |b Pitman,  |c [1959] 
300 |a 119 pages :  |b illustrations (some folded) ;  |c 24 cm. 
336 |a text  |b txt  |2 rdacontent 
337 |a unmediated  |b n  |2 rdamedia 
338 |a volume  |b nc  |2 rdacarrier 
500 |a Translation of: Vizilabda-jatek. 
504 |a "References" page 120. 
650 0 |a Water polo. 
999 |a MARS 
999 f f |s b38b8fc0-211f-3c46-b59c-d02cc264f440  |i 1eeae7e8-f163-3233-9896-16b20b85f4d0  |t 0 
952 f f |p normal  |a Texas A&M University  |b College Station  |c Sterling C. Evans Library  |d Evans: Library Stacks  |t 0  |e GV839 .R313  |h Library of Congress classification  |i unmediated -- volume  |m A14802471335 
998 f f |a GV839 .R313  |t 0  |l Evans: Library Stacks